Statistics for Guess a European City #3

Click here to take the quiz!

General Stats

  • This quiz has been taken 30 times
  • The average score is 12 of 21

Answer Stats

QuestionHintAnswer% Correct
It is called the gate to the fjords and is on the UNESCO World Heritage ListBBergen
96%
City of the BeatlesLLiverpool
92%
The city is located in the south of the country, on the shores of the Gulf of Finland. It is situated both on the mainland and in the skkier archipelago of around 300 islandsHHelsinki
88%
Historic capital of the Grand Duchy of Lithuania.VVilnius
85%
The city was the organizer of the Winter Olympics twice (in 1964 and 1976) and one of the cities organizing Euro 2008IInnsbruck
73%
This city is home to the Universität HohenheimSStuttgart
73%
Most of the older buildings are made of granite, which is why it is called the Granite City.AAberdeen
65%
Founded in this city in 1477, the University is the oldest university in Scandinavia.UUppsala
65%
The city is called the "iron or steel heart" of Slovakia, thanks to the largest ironworks in Slovakia, which is located within the cityKKosice
58%
The economically and politically strong city in the sixteenth century began to develop intellectually, which was greatly contributed by the preacher Huldrych Zwingli, who preached the teachings of the Reformation, whose activity was initiated by the so-called Affair of the SausagesZZurich
58%
A city in northern France, the capital of historic NormandyCCaen
54%
The city is situated on the Great Hungarian Plain, about 30 km from the Romanian border.DDebrecen
54%
The largest city outside of Southern Finland, a regional center of great importance, the sixth largest city in Finland.OOulu
54%
The city is home to the National Football Museum, and an English second league soccer team played by David Beckham and Robert Bobby Charlton.PPreston
50%
In this city, on the shore of the bay, in front of the Kadriorg Palace, one kilometer away, there is a monument commemorating 177 Russian sailors who sank in 1893 with their warship "Rusalka"TTallinn
50%
The city is located in the Rhine-Meuse delta, on the New Meuse (Rhine delta arm), and is connected to the North Sea by the 30 km-long Nieuwe Waterweg.RRotterdam
46%
In this Dutch city, on May 13, 2000, a fireworks factory exploded in the city, killing 23 people.EEnschede
38%
The city is the seat of the authorities of the UEFA European Football Union, the FIBA World Basketball OrganizationNNyon
38%
Known as the "granary of Italy"FFoggia
31%
The largest Romanian port on the Danube, also accessible to sea-going vessels with lower displacementGGalati
27%
The city is situated in the historic Upper Prussia. In 1309–1457 the state capital of the Teutonic OrderMMalbork
12%

Score Distribution

Percentile by Number Answered

Percent of People with Each Score

Your Score History

You have not taken this quiz